000 00757nam a22002297a 4500
003 UA-OsUOA
001 87145
007 ta
008 20120914b un ||||| |||| 00| 0 ukr d
090 _a82.09(477)
_bВ55
942 _cBK
040 _aUA-OsUOA
_bukr
_cUA-OsUOA
_dUA-OsUOA
245 _aВічна загадка любові
_bлітературна спадщина Григора Тютюнника. Спогади про письменника
_cукл. А. Я. Шевченко
300 _a495 с.
955 _a3
041 _aukr
080 _a82.09(477)
020 _a5-333-00023-9
260 _aК.
_bРад. письменник
_c1988
650 7 _a82 Література. Літературознавство
_2UDC
999 _c373436
_d373436